El Ingenioso Hidalgo Don Quixote de la Mancha (Record no. 2185)

MARC details
000 -CABECERA
campo de control de longitud fija 01840nam a2200289 a 4500
001 - NÚMERO DE CONTROL
campo de control BRCA_2444
005 - FECHA Y HORA DE LA ÚLTIMA TRANSACCIÓN
campo de control 20190320203819.0
008 - DATOS DE LONGITUD FIJA--INFORMACIÓN GENERAL
campo de control de longitud fija 181108s1804----gw-#---###---#000-0dspa-u
041 ## - CÓDIGO DE LENGUA
Código de lengua del texto/banda sonora o título independiente spa
044 ## - CÓDIGO DEL PAÍS DE LA ENTIDAD EDITORA/PRODUCTORA
Código MARC del país gw
084 ## - OTRO NÚMERO DE CLASIFICACIÓN
Número de clasificación 084
Número de documento/Ítem .F76
-- 1804
100 1# - ENTRADA PRINCIPAL--NOMBRE DE PERSONA
Nombre de persona Cervantes Saavedra, Miguel de
Fechas asociadas al nombre 1547-1616
9 (RLIN) 213
245 10 - MENCIÓN DE TÍTULO
Título El Ingenioso Hidalgo Don Quixote de la Mancha
Mención de responsabilidad, etc. compuesto por Miguel de Cervantes Saavedra.
260 ## - PUBLICACIÓN, DISTRIBUCIÓN, ETC.
Lugar de publicación, distribución, etc. Berlín
Nombre del editor, distribuidor, etc. Enrique Frölich
Fecha de publicación, distribución, etc. 1804
300 ## - DESCRIPCIÓN FÍSICA
Extensión 6 v.
Dimensiones 20 cm.
500 ## - NOTA GENERAL
Nota general Contiene : v 1. Primera parte. Dedicatoria. Prólogo del autor. Versos preliminares. Texto. -- v 2. Texto. -- v 3. Segunda parte. Dedicatoria. Prólogo del autor. Texto . -- v 4. Texto. -- v 5. Vida del autor y notas por A. Pellicer. Advertencia de Luis Ideler. Noticia de las obras que se citan en las notas. Texto. -- v 6. Texto
500 ## - NOTA GENERAL
Nota general Esta edición, comentada por Luis Ideler, que adicionó las notas de Pellicer, está hecha, en cuanto al texto, sobre la de éste. Es una buena impresión, muy útil además, porque a las notas y la Vida de Cervantes escritas por Pellicer, se añadieron los comentarios de la Academia Española y de J. Bowle. Retrato de Cervantes primorosamente grabado por H. Lips. Hermoso ejemplar, impreso en buen papel y con tipo de letra claro. Piel; con adornos dorados en las lomeras y los planos. Cantos, contracantos y cortes dorados también Lúdovik Osterc
500 ## - NOTA GENERAL
Nota general QM65
650 14 - PUNTO DE ACCESO ADICIONAL DE MATERIA--TÉRMINO DE MATERIA
Término de materia o nombre geográfico como elemento de entrada Novela española
Subdivisión cronológica Época clásica, 1500-1700
9 (RLIN) 215
650 14 - PUNTO DE ACCESO ADICIONAL DE MATERIA--TÉRMINO DE MATERIA
Término de materia o nombre geográfico como elemento de entrada Literatura española
Subdivisión cronológica Época clásica, 1500-1700
9 (RLIN) 216
650 14 - PUNTO DE ACCESO ADICIONAL DE MATERIA--TÉRMINO DE MATERIA
Término de materia o nombre geográfico como elemento de entrada Novela española
Subdivisión cronológica Siglo XVII
9 (RLIN) 217
650 14 - PUNTO DE ACCESO ADICIONAL DE MATERIA--TÉRMINO DE MATERIA
Término de materia o nombre geográfico como elemento de entrada Don Quijote (Personaje ficticio)
Término indicativo de función/relación Novela
9 (RLIN) 218
700 1# - PUNTO DE ACCESO ADICIONAL--NOMBRE DE PERSONA
Nombre de persona Pellicer y Pilares, Juan Antonio
Fechas asociadas al nombre 1746-1799
Término indicativo de función/relación Biógrafo
9 (RLIN) 7144
740 0# - PUNTO DE ACCESO ADICIONAL--TÍTULO RELACIONADO O ANALÍTICO NO CONTROLADO
Título relacionado o analítico no controlado El Ingenioso Hidalgo Don Quijote de la Mancha
902 ## - CATALOGADOR
Iniciales QFM
942 ## - ELEMENTOS DE PUNTO DE ACCESO ADICIONAL (KOHA)
Fuente del sistema de clasificación o colocación Library of Congress Classification
Tipo de ítem Koha Libros
Holdings
Estado de retiro Estado de pérdida Estado dañado No para préstamo Localización permanente Ubicación/localización actual Fecha de adquisición Número de inventario Total de préstamos Signatura topográfica completa Código de barras Fecha visto por última vez Precio válido a partir de Tipo de ítem Koha
El ejemplar forma parte de la colección y puede ser consultado según las políticas vigentes.       Biblioteca del Museo Franz Mayer (Rogerio Casas-Alatriste) Biblioteca del Museo Franz Mayer (Rogerio Casas-Alatriste) 18/11/2008 QM65   084 .F76 1804 (QM65) 2441 22/03/2019 22/03/2019 Libros